| 000 | 00551cam a2200205ua 4500 | ||
|---|---|---|---|
| 020 | _c145.00 | ||
| 041 |
_aeng _h |
||
| 082 |
_a621.402 _bRED/TH |
||
| 100 | _aReddy, Sreenivasa B . | ||
| 245 |
_aThermal engineering data handbook / _cB Sreenivasa Reddy. _hTextual Documents |
||
| 260 |
_aNew Delhi : _bI.K International Publishing House , _c2007. |
||
| 300 | _a231 ; . | ||
| 365 | _a145.00 | ||
| 504 | _a | ||
| 700 | 1 | _aReddy, Hemachandra K . | |
| 942 | _cBK | ||
| 999 |
_c13233 _d13233 |
||